Business And Managerial Economics (Record no. 31873)

MARC details
000 -LEADER
fixed length control field 00448nam a2200181Ia 4500
008 - FIXED-LENGTH DATA ELEMENTS--GENERAL INFORMATION
fixed length control field 220531s9999 xx 000 0 und d
041 ## - LANGUAGE CODE
Language code of text/sound track or separate title eng
082 ## - DEWEY DECIMAL CLASSIFICATION NUMBER
Classification number 338.7
Item number MUK
100 ## - MAIN ENTRY--PERSONAL NAME
Personal name Mukherjee, S.
9 (RLIN) 55141
245 ## - TITLE STATEMENT
Title Business And Managerial Economics
250 ## - EDITION STATEMENT
Edition statement 3RD
260 ## - PUBLICATION, DISTRIBUTION, ETC. (IMPRINT)
Place of publication, distribution, etc. Kolkata
Name of publisher, distributor, etc. New central book
Date of publication, distribution, etc. 2009
300 ## - PHYSICAL DESCRIPTION
Extent 902+
542 ## - INFORMATION RELATING TO COPYRIGHT STATUS
Copyright holder 05-10-2009
650 ## - SUBJECT ADDED ENTRY--TOPICAL TERM
Topical term or geographic name as entry element Economics
9 (RLIN) 55142
906 ## - LOCAL DATA ELEMENT F, LDF (RLIN)
d 2009-2010
Holdings
Withdrawn status Lost status Source of classification or shelving scheme Damaged status Not for loan Collection code Home library Current library Date acquired Cost, normal purchase price Total Checkouts Total Holds Full call number Barcode Date last seen Bill Date Koha item type Original Barcode
    Dewey Decimal Classification       Shri Siddhivinayak Mahila Mahavidyalaya Shri Siddhivinayak Mahila Mahavidyalaya 05/10/2009 350.00   1 338.7/MUK/B/12872 SSMM-BK-12872 06/08/2022 06/08/2022 Books 010012872